| Поле | Инд. | ПП | Название | Значение |
|---|---|---|---|---|
| Тип записи | a | |||
| Библиографический уровень | m | |||
| 001 | Контрольный номер | RU/IS/BASE/437154069 | ||
| 005 | Дата корректировки | 20140126104724.8 | ||
| 040 | a | Служба первич. каталог. | НБ ТвГУ | |
| 041 | a | Код языка текста | rus | |
| 080 | a | Индекс УДК | 811.112.2'367.625(043.3) | |
| a | Индекс УДК | 811.112.2'367.7(043.3) | ||
| 084 | a | Индекс другой классификации/Индекс ББК | Ш143.24-212.5-02я031 | |
| 090 | a | Полочн. индекс | Ш143.24 | |
| x | Авторский знак | Ш 95 | ||
| 100 | 1_ | a | Автор | Шубникова Галина Анатольевна |
| q | Полное имя | Шубникова Г. А. | ||
| 245 | 10 | a | Заглавие | Валентность глагола-сказуемого личных пассивных конструкций в современном немецком языке |
| b | Продолж. заглавия | дис. ... канд. филол. наук | ||
| c | Ответственность | науч. рук.: Н. А. Булах, Б. М. Балин ; Калинин. гос. ун-т | ||
| 260 | 0_ | a | Место издания | Калинин |
| c | Дата издания | 1974 | ||
| b | Издательство | [б. и.] | ||
| 300 | a | Объем | 181 с. | |
| 500 | a | Примечание | На правах рукоп. | |
| 504 | a | Библиография | Библиогр.: с. 157-179 и в подстроч. примеч. | |
| 653 | a | Ключевые слова | Валентность (лингв.) | |
| a | Ключевые слова | Валентность глагола | ||
| a | Ключевые слова | Глагол-сказуемое | ||
| a | Ключевые слова | Глагол в немецком языке | ||
| a | Ключевые слова | Грамматика | ||
| a | Ключевые слова | Грамматика немецкого языка | ||
| a | Ключевые слова | Диссертации | ||
| a | Ключевые слова | Немецкий язык | ||
| a | Ключевые слова | Синтаксис | ||
| a | Ключевые слова | Синтаксис немецкого языка | ||
| a | Ключевые слова | Части речи | ||
| a | Ключевые слова | Члены предложения | ||
| 700 | 1_ | a | Другие авторы | Булах Наталья Александровна |
| e | Роль лиц | науч. рук. | ||
| 700 | 1_ | a | Другие авторы | Балин Борис Мефодьевич |
| e | Роль лиц | науч. рук. | ||
| 901 | t | Тип документа | d | |
| 920 | a | Оператор | Аге | |
| a | Оператор | Семен | ||
| 952 | c | Вид литературы | Дис н | |
| 954 | a | Дата поступления на обработку | 20131107 | |
| b | Дата поступления в ОК | 20140127ред |